| 000 | 004120000a22001690004500 | ||
|---|---|---|---|
| 003 | LK-CoMWRAF | ||
| 008 | 230817t ||||| |||| 00| 0 eng d | ||
| 040 |
_aLK-CoMWRAF _dLK-CoMWRAF _eLK-CoMWRAF |
||
| 041 | _aeng | ||
| 082 |
_a022 _bSAH |
||
| 100 | _aSahana, Kekirava | ||
| 245 |
_aOru thevathaik kanavu _b |
||
| 260 |
_aJaffna _bMallikaipanthal _c1997 |
||
| 300 | _ap.208 | ||
| 650 | _aliterature | ||
| 942 | _cBK | ||
| 999 |
_c2818 _d2818 |
||